000 00288nam a22001337a 4500
008 170529b xxu||||| |||| 00| 0 eng d
020 _a9780125181211
041 _aeng
080 _a577
100 _a05
101 _aSHM
245 _aBIOENERGETICS 3
_cNICHOLLS, D.G
942 _2udc
_cBK
999 _c14977
_d14977